Countries with Coral Reefs Quiz Stats

Quiz Updated Aug 21, 2014

Challenge
Share
Tweet
Embed
Score 0/26 Timer 04:00
0 Plays Today
Rank Country % Correct
2Australia
98.7%
16United States of America incl. overseas territories
89.1%
1Indonesia
78%
23Japan
74.9%
10India
72.9%
3Philippines
59.7%
17Malaysia
57.4%
21Cuba
56.9%
26Thailand
56.8%
25Madagascar
55%
6Fiji
53%
5Papua New Guinea
48.4%
12United Kingdom incl. overseas territories
47.6%
Rank Country % Correct
4France incl. overseas territories
44.2%
20Bahamas
42.7%
13Micronesia
39.2%
9Marshall Islands
37.2%
11Solomon Islands
36.3%
7Maldives
35.3%
14Vanuatu
34.4%
22Kiribati
32%
15Egypt
30.7%
8Saudi Arabia
26.7%
18Tanzania
19%
24Sudan
10.7%
19Eritrea
9.6%

You're not logged in!

Compare scores with friends on all Sporcle quizzes.
Sign Up with Email
OR
Log In

You Might Also Like...

Show Comments

Extras

Top Quizzes Today


Score Distribution

Your Account Isn't Verified!

In order to create a playlist on Sporcle, you need to verify the email address you used during registration. Go to your Sporcle Settings to finish the process.